UBT Library

Laboratory tests and diagnostic procedures / (Record no. 44490)

000 -LEADER
fixed length control field 00901cam a22002654a 4500
001 - CONTROL NUMBER
control field 12181667
005 - DATE AND TIME OF LATEST TRANSACTION
control field 20180308081210.0
008 - FIXED-LENGTH DATA ELEMENTS--GENERAL INFORMATION
fixed length control field 000922s2001 paua bfe 001 0 eng c
010 ## - LIBRARY OF CONGRESS CONTROL NUMBER
LC control number 00049228
020 ## - INTERNATIONAL STANDARD BOOK NUMBER
International Standard Book Number 0721686095 (pbk. : alk. paper)
035 ## - SYSTEM CONTROL NUMBER
System control number (DNLM)100965558
040 ## - CATALOGING SOURCE
Original cataloging agency DNLM/DLC
Transcribing agency DLC
Modifying agency DLC
041 ## - LANGUAGE CODE
Language code of text/sound track or separate title eng
042 ## - AUTHENTICATION CODE
Authentication code pcc
060 10 - NATIONAL LIBRARY OF MEDICINE CALL NUMBER
Classification number QY 39
Item number L1229 2001
080 ## - UNIVERSAL DECIMAL CLASSIFICATION NUMBER
Universal Decimal Classification number 616.0756 CHER
082 00 - DEWEY DECIMAL CLASSIFICATION NUMBER
Classification number 616.0756 CHER
Edition number 21
100 ## - Rafti
Rafti 4
101 ## - Shkurtesa
Shkurtesa SHM
245 00 - TITLE STATEMENT
Title Laboratory tests and diagnostic procedures /
Statement of responsibility, etc edited by Cynthia C. Chernecky, Barbara J. Berger.
504 ## - BIBLIOGRAPHY, ETC. NOTE
Bibliography, etc Includes bibliographical references and index.
906 ## - LOCAL DATA ELEMENT F, LDF (RLIN)
a 7
b cbc
c orignew
d 1
e ocip
f 20
g y-gencatlg
942 ## - ADDED ENTRY ELEMENTS (KOHA)
Source of classification or shelving scheme
Item type Books
Holdings
Withdrawn status Lost status Source of classification or shelving scheme Damaged status Not for loan Collection code Permanent location Current location Shelving location Date acquired Total Checkouts Full call number Barcode Date last seen Price effective from Koha item type
          Koleksioni i përgjithshem UBT - Lipjan UBT - Lipjan Koleksioni i përgjithshem 03/08/2018   616.0756 CHER 002-3001086 03/08/2018 03/08/2018 Books
UBT Library © 2015-2024. All rights reserved University Education for Business and Technology